Score 0/13 Timer 05:00
0 Plays Today
Name Alias % Correct
Edward Morgan BlakeThe Comedian
96.2%
Dr. Jon OstermanDoctor Manhattan
93.8%
Sally JupiterSilk Spectre
87.3%
Walter KovacsRorschach
85%
Adrian VeidtOzymandias
83.2%
Hollis MasonNite Owl
82.1%
Laurie JuspeczykThe Silk Spectre II
79.3%
Daniel DreibergThe Nite Owl II
78.3%
Rolf Müller (probably)The Hooded Justice
65.9%
Byron LewisThe Mothman
61.2%
Bill BradyThe Dollar Bill
60.9%
Nelson GardnerCaptain Metropolis
52.7%
Ursula ZandtThe Silhouette
48.9%

You're not logged in!

Compare scores with friends on all Sporcle quizzes.
OR
Log In

Sporcle TV

Today on Sporcle TV


Watch our educational content, quiz creation guides, and fun videos on Sporcle TV.

Show Comments

Extras

Created Sep 27, 2009ReportNominate
Tags:Asia Quiz, Watched, watchmen

Top Quizzes Today


Score Distribution

Paid Content

Your Account Isn't Verified!

In order to create a playlist on Sporcle, you need to verify the email address you used during registration. Go to your Sporcle Settings to finish the process.

Report this User

Report this user for behavior that violates our Community Guidelines.

Details: